| 000 | 00429nam a2200133 i 4500 | ||
|---|---|---|---|
| 001 | bg | ||
| 245 | 0 |
_aVI Krajowa konferencja.Postępy w teorii i technice obróbki materiałów : _bsesja plenarna. _n[Cz. 4], _pNarzędzia dla systemów... |
|
| 246 | _aPostępy w teorii i technice obróbki materiałów | ||
| 260 |
_aKraków, _c1990. |
||
| 040 | _cBPK | ||
| 041 | _apol | ||
| 942 | _cKS | ||
| 008 | s pl f |000 0 pol | ||
| 999 |
_c29082 _d29082 |
||
| 856 |
_uhttp://koha.tu.koszalin.pl/cgi-bin/koha/opac-detail.pl?biblionumber=29082 _yKatalog online BPK |
||